000 00604nam a22002052 4500
001 0000008809
005 20151217155836.0
008 080609s xx 000 0 eng d
020 _a9966469745 :
_cKES 455
040 _aKABU
_cKABU
100 1 _aMboya, Tom.
_@0000149492
245 1 0 _aFreedom and after /
_cTom Mboya.
260 _aNairobi :
_bE. A. E. P.,
_c1986.
300 _a266 p.
650 0 _aMboya, Tom.
_@0000158511
650 0 _aKenya
_xPolitics and government
_y1963-1969.
_@0000159569
908 _a080609
950 _@1
999 _c13126
_d13126